Словарь правовых терминов и определений в сфере креативной экономики (Запись № 13063564)

Подробности
000 -МАРКЕР
контрольное поле 02402nam0a2200397 4500
001 - ИДЕНТИФИКАТОР ЗАПИСИ
контрольное поле RU\NLR\BIBL_A\022207609
005 - ИДЕНТИФИКАТОР ВЕРСИИ
контрольное поле 20240606113122.0
010 ## - МЕЖДУНАРОДНЫЙ СТАНДАРТНЫЙ НОМЕР КНИГИ (ISBN)
Номер (ISBN) 978-5-4465-4034-1
Тираж 500
021 ## - НОМЕР ГОСУДАРСТВЕННОЙ РЕГИСТРАЦИИ
Код страны Российская Федерация
Номер КН-П-24-017442
Номер Листа государственной регистраци КН-П-24-1823
035 ## - ДРУГИЕ СИСТЕМНЫЕ НОМЕРА
Идентификатор записи (NLR Aleph) 022207609
100 ## - ДАННЫЕ ОБЩЕЙ ОБРАБОТКИ
Данные общей обработки 20240425d2024 u y0rusy50 ca
101 0# - ЯЗЫК РЕСУРСА
Язык текста, звукозаписи и т.д. русский
102 ## - СТРАНА ПУБЛИКАЦИИ ИЛИ ПРОИЗВОДСТВА
Страна публикации Российская Федерация
105 ## - ПОЛЕ КОДИРОВАННЫХ ДАННЫХ: ТЕКСТОВЫЕ МАТЕРИАЛЫ, МОНОГРАФИЧЕСКИЕ
Кодированные данные о монографическом текстовом документе y egj 001yy
181 #0 - ПОЛЕ КОДИРОВАННЫХ ДАННЫХ: ВИД СОДЕРЖАНИЯ
Код вида содержания (ISBD) i4
Код характеристики содержания (ISBD) axxe
182 #0 - ПОЛЕ КОДИРОВАННЫХ ДАННЫХ: ТИП СРЕДСТВА
Код типа средства (ISBD) n - непосредственное
200 1# - ЗАГЛАВИЕ И СВЕДЕНИЯ ОБ ОТВЕТСТВЕННОСТИ
Основное заглавие Словарь правовых терминов и определений в сфере креативной экономики
Сведения, относящиеся к заглавию учебное пособие
Первые сведения об ответственности Мартынов Алексей Владимирович, Бундин Михаил Вячеславович, Данилов Никита Аркадьевич, Ширеева Екатерина Валерьяновна
Последующие сведения об ответственности под научной редакцией д. ю. н., профессора А. В. Мартынова
-- Университет Лобачевского
203 ## - ВИД СОДЕРЖАНИЯ И ТИП СРЕДСТВА
Вид содержания Текст
Дополнительные сведения об издании визуальный
Тип средства непосредственный
210 ## - ПУБЛИКАЦИЯ, РАСПРОСТРАНЕНИЕ И ДР.
Место издания, распространения и т.д. Москва
Имя издателя, распространителя и т. д. НФМИ
-- Буки Веди
Дата издания, распространения и т.д. 2024
215 ## - ФИЗИЧЕСКАЯ ХАРАКТЕРИСТИКА
Специфическое обозначение материала и объем 210, [1] с.
Размеры 22
225 1# - СЕРИЯ
Основное заглавие серии Приоритет 2030
Сведения, относящиеся к заглавию лидерами становятся
300 ## - ОБЩИЕ ПРИМЕЧАНИЯ
Текст примечания В конце кн. авт.: Мартынов А. В., д-р юрид. наук, проф., Бундин М. В., канд. юрид. наук, доц., Данилов Н. А., канд. юрид. наук, доц., Ширеева Е. В., канд. юрид. наук, доц.
320 ## - ПРИМЕЧАНИЯ О НАЛИЧИИ В ДОКУМЕНТЕ БИБЛИОГРАФИИ / УКАЗАТЕЛЯ
Текст примечания Библиогр.: с. 204-210 (84 назв.) и в подстроч. примеч.
320 ## - ПРИМЕЧАНИЯ О НАЛИЧИИ В ДОКУМЕНТЕ БИБЛИОГРАФИИ / УКАЗАТЕЛЯ
Текст примечания Алф. указ.: с. 175-203
606 1# - НАИМЕНОВАНИЕ ТЕМЫ КАК ПРЕДМЕТ
Наименование темы Право и экономика
Формальный подзаголовок Терминологические словари
Системный номер авторитетной/нормативной записи 2271822
Идентификатор авторитетной/нормативной записи RU\NLR\AUTH\661361615
686 1# - ИНДЕКСЫ ДРУГИХ КЛАССИФИКАЦИЙ
Индекс Х62я212
701 #1 - ИМЯ ЛИЦА - АЛЬТЕРНАТИВНАЯ ОТВЕТСТВЕННОСТЬ
Графика поля Кириллица
Материалы, к которым относится поле rus
Начальный элемент ввода Мартынов
Часть имени, кроме начального элемента ввода А. В.
Дополнения к именам, кроме дат д-р юрид. наук
Даты 1978-
Расширение инициалов личного имени Алексей Владимирович
Системный номер авторитетной/нормативной записи 46659
Идентификатор авторитетной/нормативной записи RU\NLR\AUTH\7763730
701 #1 - ИМЯ ЛИЦА - АЛЬТЕРНАТИВНАЯ ОТВЕТСТВЕННОСТЬ
Начальный элемент ввода Бундин
Часть имени, кроме начального элемента ввода М. В.
Расширение инициалов личного имени Михаил Вячеславович
701 #1 - ИМЯ ЛИЦА - АЛЬТЕРНАТИВНАЯ ОТВЕТСТВЕННОСТЬ
Начальный элемент ввода Данилов
Часть имени, кроме начального элемента ввода Н. А.
Расширение инициалов личного имени Никита Аркадьевич
701 #1 - ИМЯ ЛИЦА - АЛЬТЕРНАТИВНАЯ ОТВЕТСТВЕННОСТЬ
Начальный элемент ввода Ширеева
Часть имени, кроме начального элемента ввода Е. В.
Расширение инициалов личного имени Екатерина Валерьяновна
942 ## - ДОПОЛНИТЕЛЬНЫЕ ЭЛЕМЕНТЫ ЗАПИСИ (АБИС)
Тип экземпляра АБИС Книга
980 ## - КОЛЛЕКЦИЯ
Название коллекции Национальная библиография
Экземпляры
Тип экземпляра Дата поступления Источник поступления Библиотека постоянного хранения Библиотека текущего хранения Место хранения Шифр хранения Штрих-код Статус экземпляра
Книга 25.04.2024 Обязательный экземпляр РНБ (Московский) РНБ (Московский) Центральная справочная библиотека С 2024-2/98 1-4565400  
Книга 25.04.2024 Обязательный экземпляр РНБ (Фонтанка) РНБ (Фонтанка) Юношеский читальный зал Ю Я2(Х)/С-48 1-4565401